000
00248nam a2200097Ia 4500
001
1252986
005
20251031150945.0
008
251031s9999 xx 000 0 und d
245
0
_c
MUSTAFA ORAKÇI
_a
V-11 LEVENT BURSADA
260
_b
TİMAŞ YAYINLARI
999
_c
1252986
_d
1252986